000
00313pab a2200145 454500
008
180718b1986 xxu||||| |||| 00| 0 eng d
100
_a
Bhattacharya, A.C.
245
_a
Money and motivation
260
_c
1986
300
_a
11-16
362
_a
Jan.
650
_a
Money
773
_a
Lok Udyog
909
_a
13653
999
_c
13653
_d
13653